Welcome to CU Library Online Public Access Catalogue (OPAC)

Privatization, restructuring and network utilities (Record no. 6831)

MARC details
000 -LEADER
fixed length control field 00384nam a2200157 4500
005 - DATE AND TIME OF LATEST TRANSACTION
control field 20250703144716.0
008 - FIXED-LENGTH DATA ELEMENTS--GENERAL INFORMATION
fixed length control field cu123
020 ## - INTERNATIONAL STANDARD BOOK NUMBER
International Standard Book Number 9780262640480
050 ## - LIBRARY OF CONGRESS CALL NUMBER
Classification number HD 2763 NEW
Item number 1
100 ## - MAIN ENTRY--PERSONAL NAME
Personal name NEWBERY M. David
245 ## - TITLE STATEMENT
Title Privatization, restructuring and network utilities
260 ## - PUBLICATION, DISTRIBUTION, ETC.
Place of publication, distribution, etc. Cambridge
Name of publisher, distributor, etc. The MIT Press
Date of publication, distribution, etc. 2000
300 ## - PHYSICAL DESCRIPTION
Extent viii,466p
500 ## - GENERAL NOTE
General note index,
942 ## - ADDED ENTRY ELEMENTS (KOHA)
Source of classification or shelving scheme Library of Congress Classification
Koha item type Books
Suppress in OPAC No
999 ## -
-- 6831
-- 6831
Holdings
Withdrawn status Lost status Source of classification or shelving scheme Damaged status Not for loan Collection Home library Current library Shelving location Date acquired Total checkouts Full call number Barcode Date last seen Copy number Price effective from Koha item type
    Library of Congress Classification     Non-fiction Graduate Library (Christ Temple) Graduate Library (Christ Temple) General stacks 07/03/2025   HD 2763NEW GSCT00001701 07/03/2025 1 07/03/2025 Books
© 2023-2024 Copyright: Central University Libraries. All Rights Reserved | Created by: Mahone Tech Office